000 00662nam a2200193 i 4500
001 58616
003 ES-MaACL
007 t|
008 031023s1910 fr ||||1| fre d
100 1 _aEbbinghaus, Hermann.
_946460
245 1 0 _aPrécis de psychologie /
_cpar Hermann Ebbinghaus ; traduit sur la deuxième édition allemande par G. Raphael.
260 _aParis :
_bFélix Alcan,
_c1910 (
_eEvreux :
_fP. Herissey)
300 _a316 p. ;
_c22 cm.
490 1 _aBibliothèque de philosophie contemporaine
700 1 _aRaphael, G.
_995456
830 0 _aBibliothèque de philosophie contemporaine
_9181027
852 _aES-MaACL
_jB-6369
999 _c58616
_d58616